[Event "WCh Praha 2025"]
[Site "?"]
[Date "2025.02.19"]
[Round "3"]
[White "KM Jan, Štursa"]
[Black "Martin, Sochor"]
[Result "1-0"]
[WhiteElo "1985"]
[BlackElo "1898"]
[PlyCount "71"]

1. c4 Nf6 2. g3 g6 3. Bg2 Bg7 4. Nc3 d6 5. d4 O-O 6. Nf3 Nc6 7. O-O a6 8. d5
Na5 9. b3 c5 10. Bb2 Rb8 11. Nd2 Bd7 12. Qc2 Qc8 13. Rfe1 b5 14. e4 bxc4 15.
bxc4 Ng4 16. Rab1 Bd4 17. Nd1 Rxb2 18. Rxb2 Bxb2 19. Nxb2 e5 20. f3 Nh6 21. Qc3
Qc7 22. Qe3 Kg7 23. g4 f6 24. g5 fxg5 25. Qxg5 Nf7 26. Qg3 Rb8 27. Nd3 Ba4 28.
f4 Bc2 29. fxe5 Bxd3 30. exd6 Qxd6 31. Qxd3 Ne5 32. Qc3 Nb7 33. Rb1 Nd8 34. Rb3
Ndf7 35. Nf3 Qf6 36. Rxb8 1-0

[Event "WCh Pecky - Mahrla"]
[Site "?"]
[Date "2025.04.27"]
[Round "4"]
[White "Martin, Sochor"]
[Black "Zdenìk, Svoboda"]
[Result "1/2-1/2"]
[WhiteElo "1898"]
[BlackElo "2080"]
[Annotator "Martin"]
[PlyCount "107"]

1. d4 d5 2. c4 e6 3. Nf3 Nf6 4. g3 b6 5. Bg2 Bb7 6. O-O Be7 7. Nbd2 Nbd7 8. b3
O-O 9. Bb2 Rc8 10. Rc1 c5 11. Re1 dxc4 12. Nxc4 cxd4 13. Qxd4 Bc5 14. Qh4 Qe7
15. e3 h6 16. Red1 Rfd8 17. Nce5 Nxe5 18. Bxe5 Rxd1+ 19. Rxd1 Nd5 20. Qg4 f5
21. Qg6 Qf7 22. Qxf7+ Kxf7 23. Rc1 Ba3 24. Rxc8 Bxc8 25. Nd4 g6 26. Nb5 Bc5 27.
Nxa7 Bd7 28. a4 Ke7 29. Kf1 b5 30. Nxb5 Bxb5+ 31. axb5 Nb4 32. Ke2 Kd7 33. Kd2
Bd6 34. Bxd6 Kxd6 35. b6 {Chybny plan. Bily chce natahnout pesce a sveho
strelce prevest na kralovske kridlo. Spravne bylo Sf1.} e5 36. Bb7 Kc5 37. Bc8
Kxb6 38. f4 exf4 39. exf4 Nd5 40. Be6 Nf6 41. Ke3 $4 Ng4+ 42. Ke2 Nxh2 43. Bf7
g5 44. Bg6 Ng4 45. Bxf5 Nf6 46. fxg5 hxg5 47. Ke3 Kc5 48. Be6 Kb4 49. Bf7 Kc3
50. Be6 Kb4 51. Kd3 Kc5 52. Bf5 Kb4 53. Kd4 Nh5 54. g4 1/2-1/2

[Event "WCh Jawa 2025 - Peèky"]
[Site "?"]
[Date "2025.02.21"]
[Round "5"]
[White "Martin, Sochor"]
[Black "Jan, Kleprlík"]
[Result "0-1"]
[WhiteElo "1668"]
[BlackElo "1898"]
[Annotator "Martin"]
[PlyCount "90"]

1. d4 Nf6 2. c4 g6 3. Nf3 Bg7 4. Nc3 d5 5. e3 O-O 6. Be2 c5 7. O-O cxd4 8. Nxd4
a6 $6 9. cxd5 Nxd5 10. Nxd5 Qxd5 11. Bf3 $1 Qd8 12. Ne2 Qb6 13. Nc3 e6 14. Qc2
Bd7 15. Bd2 Bc6 16. Bxc6 Nxc6 17. Na4 Qb5 18. Bc3 Ne5 19. Bd4 Rac8 20. Qb3 Qxb3
21. axb3 Rc7 22. Nb6 Nd3 23. Bxg7 Kxg7 24. Rfd1 Nxb2 25. Rd2 Rc6 26. Rxb2 (26.
Nd7 Rd8 27. Ra2 Rc7 28. Raxb2 Rcxd7) 26... Rxb6 27. b4 Rc8 28. g3 Rc4 29. Rab1
Rb5 30. Kg2 Kf6 31. Kf3 h5 32. h4 Ke7 33. Ke2 Kd7 34. Kd3 Rc6 35. e4 e5 36. f3
Rd6+ 37. Ke3 Rd4 38. g4 Ke6 39. g5 Rd6 40. Ke2 Rdb6 41. Kd3 a5 42. Kc4 Rxb4+
43. Rxb4 Rxb4+ 44. Rxb4 axb4 45. Kxb4 f6 0-1

[Event "WCh Scotland III - Peèky"]
[Site "?"]
[Date "2025.02.22"]
[Round "6"]
[White "Keith, Emery"]
[Black "Martin, Sochor"]
[Result "1/2-1/2"]
[WhiteElo "1888"]
[BlackElo "1898"]
[PlyCount "49"]

1. e4 c6 2. Nf3 d5 3. exd5 cxd5 4. d4 Nf6 5. Bb5+ Bd7 6. Qe2 a6 7. Bxd7+ Nbxd7
8. O-O e6 9. Bg5 Be7 10. Ne5 O-O 11. Ng4 Rc8 12. c3 b5 13. a3 Nb6 14. Nd2 Na4
15. Nxf6+ Bxf6 16. Bxf6 Qxf6 17. Nf3 Rfd8 18. Ne5 Rd6 19. Nd3 Rb6 20. Rac1 Rb7
21. Rc2 h6 22. Rfc1 Rbc7 23. Nb4 Ra8 24. Na2 Qd8 25. b3 1/2-1/2

[Event "WCh Peèky - Støedoèeši"]
[Site "?"]
[Date "2025.02.24"]
[Round "7"]
[White "Martin, Sochor"]
[Black "Tomáš, Vavøinec"]
[Result "0-1"]
[WhiteElo "1898"]
[BlackElo "1938"]
[Annotator "Martin"]
[PlyCount "72"]

1. d4 e6 2. Nf3 Nf6 3. c4 c5 4. g3 d5 5. Bg2 Nc6 6. O-O Be7 7. Nc3 O-O 8. cxd5
exd5 9. dxc5 Bxc5 10. Na4 Be7 11. Be3 Bg4 12. Nd4 Rc8 13. h3 Nxd4 14. Bxd4 Bd7
15. Nc3 Be6 16. e3 b6 17. Qb3 Qd7 18. Kh2 Rfd8 19. Rac1 Ne4 20. Qb5 Nxc3 21.
Qxd7 Rxd7 22. Rxc3 Rxc3 23. bxc3 f6 24. Rb1 Kf7 25. Rb5 Bd8 26. f4 Ke7 27. g4
Kd6 28. Kg3 Rc7 29. f5 Bf7 30. Kf4 $2 (30. Bf1 $1) 30... Rc4 31. h4 Ra4 32. Rb2
h6 33. Bf1 Bc7 34. Bb5 Ra5 35. g5 $4 Rxb5 $3 36. Rxb5 Kc6+ 0-1

[Event "WCh Peèky - Žïár n. Sázavou"]
[Site "?"]
[Date "2025.04.27"]
[Round "8"]
[White "Martin, Sochor"]
[Black "Vlastimil, Ziebenburger"]
[Result "1-0"]
[WhiteElo "1898"]
[BlackElo "1963"]
[Annotator "Martin"]
[PlyCount "79"]

1. d4 d5 2. c4 c6 3. Nc3 Nf6 4. Nf3 e6 5. e3 Nbd7 6. Bd3 dxc4 7. Bxc4 b5 8. Bd3
a6 9. e4 c5 10. d5 Qc7 11. O-O c4 12. dxe6 fxe6 13. Bc2 Bb7 14. Ng5 Qc6 15. Qe2
h6 16. Nf3 e5 17. Be3 Bc5 18. Rfd1 O-O-O 19. a4 $1 Rhe8 $4 20. axb5 axb5 21.
Ra5 Ba6 22. Rda1 Nb8 23. Bxc5 Qxc5 24. Rxa6 $18 Nxa6 25. Rxa6 Kc7 26. Ra5 Rb8
27. Ba4 Qb4 28. Rxb5 Rxb5 29. Nxb5+ Kb6 30. Nc3 Ra8 31. Qc2 Ra5 32. h3 Kb7 33.
Nd2 Nh5 34. Nf1 Nf4 35. Ne3 Nd3 36. b3 Nc5 37. Nxc4 Rxa4 38. Nxa4 Qe1+ 39. Kh2
Nxe4 40. Qxe4+ 1-0

[Event "WCh Guernsey - Peèky"]
[Site "?"]
[Date "2025.02.26"]
[Round "9"]
[White "CM Peter J., Kirby"]
[Black "Martin, Sochor"]
[Result "0-1"]
[WhiteElo "2021"]
[BlackElo "1898"]
[Annotator "Martin"]
[PlyCount "220"]

1. d4 Nf6 2. c4 g6 3. Nc3 d5 4. Nf3 Bg7 5. Bg5 Ne4 6. Bf4 Nf6 $6 7. e3 O-O 8.
Be2 c5 9. dxc5 Qa5 10. O-O dxc4 11. Bxc4 Qxc5 12. Qb3 Nc6 13. Qb5 Qxb5 14. Bxb5
Bd7 15. Rfd1 a6 16. Be2 Bf5 17. Bd3 Bxd3 18. Rxd3 Nb4 19. Rd2 Rfd8 20. Rad1
Rxd2 21. Rxd2 Rc8 22. h3 {Cerny hrozil Je4.} e6 23. e4 b5 24. a3 Nc6 25. e5 Nh5
26. Bh2 Bh6 27. Rd1 Nf4 {Lépe asi místo Jf4 Sf4.} 28. Ne4 Nd5 29. Nf6+ Nxf6 30.
exf6 Kf8 31. g4 Ke8 32. g5 Bf8 33. Rc1 Na7 34. Rxc8+ Nxc8 35. Be5 Nb6 {Cerny
ma mnohem lepsiho strelce. Bude se snazit o vymenu Sveho strelce za souperova
jezdce nebo o vymenu jezdcu. Bily naopak musi vymenit strelce.} 36. Bc3 Nc4 37.
Ne1 Bd6 38. Nd3 Kd7 39. Kg2 Kc6 40. Kf3 Kd5 41. Nf4+ Bxf4 42. Kxf4 Nd6 43. Bb4
Nf5 44. Bc3 Kc4 45. Ke4 Kb3 46. Be5 a5 47. Kd3 Nh4 48. Ke2 Kc4 49. Ke3 Nf5+ 50.
Ke4 Kc5 51. Bc7 a4 52. Be5 Kc4 53. Bc3 Kb3 54. Be5 Kc2 55. f3 Kd2 56. Bc3+ Kc2
57. Be5 Kb3 58. Kd3 b4 59. axb4 Kxb4 60. Bf4 Nh4 61. Ke4 Kc4 62. Bg3 Nf5 63.
Be5 h6 64. gxh6 Nxh6 65. Bd4 Nf5 66. Be5 Kb3 67. Kd3 Nh4 68. Ke2 Kc4 69. Ke3
Kd5 70. Bc3 e5 71. Bb4 Ng2+ 72. Kd2 Nf4 73. h4 Ng2 74. Be7 Kc4 75. Ba3 Nxh4 76.
Ke3 Kd5 77. Be7 Nf5+ 78. Kd3 Nd4 79. Ke3 Nc6 80. Bf8 Na5 81. Kd3 Nc6 82. Ke3
Ke6 83. Bg7 Kf5 84. Bh8 Na5 85. Kd3 Kf4 86. Kc3 Nc6 87. Kc4 Kxf3 88. Kd5 e4 89.
Kxc6 e3 90. Kd6 e2 91. Ke7 e1=Q+ 92. Kxf7 g5 93. Kg8 Qe6+ 94. f7 Qg6+ 95. Bg7
Qe6 96. Bd4 g4 97. Kg7 Qe7 98. Kg8 Qg5+ 99. Bg7 Qd5 100. Bf6 g3 101. Kg7 Qd7
102. Kg8 g2 103. f8=Q g1=Q+ 104. Bg7+ Ke4 105. Qb4+ Kd3 106. Qc3+ Ke2 107. Qe5+
Qe3 108. Qh2+ Kd3 109. Qh7+ Qe4 110. Qh2 Qee8+ 0-1